000 00298nam a2200097Ia 4500
082 _a953.8050922 COLL
245 0 _aThe Bin Ladens : oil, money, terrorism and the secret Saudi world
100 _a COLL, Steve London, 2009
_993092
942 _cBK
008 210817s9999 xx 000 0 und d
999 _c380178
_d380177